000 00848nam a22002897a 4500
001 8014
003 FISKH
005 20250819082511.0
008 250819b cb ||||| |||| 00| 0 eng d
020 _a9780140502022
040 _aFISKH
_beng
_cFISKH
_dFISKH
050 _aPZ7.K2253 W
082 _a813.54
100 _aKeats, Jack Ezra
_d(1916–1983)
245 _aWhistle for Willie /
_cEzra Jack Keats
250 _aThis edition first published in 1964
260 _aNew Zealand :
_bPuffin,
_c1964
300 _a29 unnumbered pages :
_bcolor illustrations ;
_c19 x 23 cm
505 _aJ
520 _aA little boy wishes so much he could whistle.
521 8 _a490
_bLexile
521 8 _aJ
_bRaz-Plus
650 _2Personality Development
_aWhistling
650 _2Perseverance
_aDogs
942 _2ddc
_cBK
_n0
999 _c8014
_d8014